مكتبة جامعة عجلون الوطنية

فهرس بحث المكتبة

ديوان أبي نواس الحسن بن هاني الحكمي الجزء الأول ؛ النشرات الإسلامية جزء20 - قسم 1 (Record no. 13825)

MARC details
000 -LEADER
fixed length control field 00949nam a2200217Ii 4500
003 - CONTROL NUMBER IDENTIFIER
control field JO-AjNU
008 - FIXED-LENGTH DATA ELEMENTS--GENERAL INFORMATION
fixed length control field 230605s9999||||xx |||||||||||||| ||und||
020 ## - INTERNATIONAL STANDARD BOOK NUMBER
International Standard Book Number 3-86093-278-0 / 2-912374-35-9
040 ## - CATALOGING SOURCE
Original cataloging agency JO-AjNU
Language of cataloging ara
Description conventions rda
Transcribing agency JO-AjNU
041 ## - LANGUAGE CODE
Language code of text/sound track or separate title ara
050 14 - LIBRARY OF CONGRESS CALL NUMBER
Classification number PJ7701.6.N8.A17 2001
100 3# - MAIN ENTRY--PERSONAL NAME
Personal name تحقيق فاغنز،إيفالد,
Relator term author
9 (RLIN) 26911
245 00 - TITLE STATEMENT
Title ديوان أبي نواس الحسن بن هاني الحكمي الجزء الأول ؛ النشرات الإسلامية جزء20 - قسم 1
250 ## - EDITION STATEMENT
Edition statement ط2 طبعة جديدة مزيدة
264 31 - PRODUCTION, PUBLICATION, DISTRIBUTION, MANUFACTURE, AND COPYRIGHT NOTICE
Place of production, publication, distribution, manufacture بيروت:كلاوس شفارتس برلين،2001
300 ## - PHYSICAL DESCRIPTION
Extent ج1، 434ص
Other physical details النشرات الإسلامية جزء 20 ، قسم 1 ، الديوان الجزء الأول
336 ## - CONTENT TYPE
Content type term text
Content type code txt
Source rdacontent
337 ## - MEDIA TYPE
Media type term unmediated
Media type code n
Source rdamedia
338 ## - CARRIER TYPE
Carrier type term volume
Carrier type code nc
Source rdacarrier
650 #4 - SUBJECT ADDED ENTRY--TOPICAL TERM
Topical term or geographic name entry element الشعر العربي - العصر العباسي
9 (RLIN) 26912
Holdings
Withdrawn status Lost status Source of classification or shelving scheme Damaged status Not for loan Home library Current library Shelving location Date acquired Total Checkouts Full call number Barcode Date last seen Price effective from Koha item type
    Library of Congress Classification     مكتبة جامعة عجلون الوطنية مكتبة جامعة عجلون الوطنية المجموعات العامة 06/06/2023   PJ7701.6.N8.A17 2001 A10257 06/06/2023 06/06/2023 Books